000 00823nam a22002657a 4500
005 20140311161021.0
008 130212t xxu||||| |||| 00| 0 eng d
020 _a9719195509
050 _a KPM 3407
_b.B268 1997
100 _aBarrameda, Nes.
245 _aMedia in court : the criminal justice system :
_bguidebook for reporters /
_cNes Barrameda ... [et al.]
260 _a[Makati City] :
_bCenter for Media Freedom & Responsibility,
_c1997.
300 _a80 p. :
_c22 cm.
_bill. ;
521 _aMC
650 _aPress law
_xPhilippines.
650 _aTelecommunication
_vLaw and legislation
_xPhilippines.
650 _aConduct of court proceedings
_xPhilippines.
942 _2lcc
_cBK
_kLOC
999 _c18274
_d18274